| Tag |
First Indicator |
Second Indicator |
Subfields |
| LEADER |
00000cam a2200000La 4500 |
| 001 |
in00001620921 |
| 005 |
20190325102312.0 |
| 006 |
m u |
| 007 |
cr cn| |
| 008 |
001016s1987 enka sb 001 0 eng d |
| 020 |
|
|
|a 0585259798 (electronic bk.)
|
| 020 |
|
|
|a 9780585259796 (electronic bk.)
|
| 035 |
|
|
|a (OCoLC)ocm45732283
|
| 035 |
|
|
|a (OCoLC)45732283
|
| 040 |
|
|
|a N$T
|c N$T
|d OCL
|d OCLCQ
|d UtOrBLW
|
| 043 |
|
|
|a e-fi---
|
| 049 |
|
|
|a TXAM
|
| 050 |
1 |
4 |
|a P57.F5
|b R56 1987eb
|
| 082 |
0 |
4 |
|a 418/.007/04897
|2 19
|
| 100 |
1 |
|
|a Ringbom, Håkan.
|
| 245 |
1 |
4 |
|a The role of the first language in foreign language learning /
|c Håkan Ringbom.
|
| 264 |
|
1 |
|a Clevedon, Avon, England ;
|a Philadelphia :
|b Multilingual Matters Ltd.,
|c [1987]
|
| 264 |
|
4 |
|c ©1987
|
| 300 |
|
|
|a viii, 186 pages :
|b illustrations ;
|c 22 cm.
|
| 336 |
|
|
|a text
|b txt
|2 rdacontent
|
| 337 |
|
|
|a computer
|b c
|2 rdamedia
|
| 338 |
|
|
|a online resource
|b cr
|2 rdacarrier
|
| 490 |
1 |
|
|a Multilingual matters ;
|v 34
|
| 504 |
|
|
|a Includes bibliographical references (pages [163]-178) and index.
|
| 533 |
|
|
|a Electronic reproduction.
|b Boulder, Colo. :
|c NetLibrary,
|d 2000.
|n Available via World Wide Web.
|n Access may be limited to NetLibrary affiliated libraries.
|
| 500 |
|
|
|a Electronic resource.
|
| 650 |
|
0 |
|a Language and languages
|x Study and teaching
|z Finland.
|
| 650 |
|
0 |
|a Second language acquisition.
|
| 650 |
|
0 |
|a Native language and education
|z Finland.
|
| 650 |
|
0 |
|a English language
|x Study and teaching
|x Finnish speakers.
|
| 650 |
|
0 |
|a English language
|x Study and teaching
|x Swedish speakers.
|
| 655 |
|
7 |
|a Electronic books.
|2 local
|
| 710 |
2 |
|
|a NetLibrary, Inc.
|
| 776 |
1 |
|
|c Original
|z 0905028813
|w (DLC) 87021999
|
| 830 |
|
0 |
|a Multilingual matters (Series) ;
|v 34.
|
| 856 |
4 |
0 |
|u http://proxy.library.tamu.edu/login?url=http://www.netLibrary.com/urlapi.asp?action=summary&v=1&bookid=23420
|z Connect to the full text of this electronic book
|t 0
|
| 994 |
|
|
|a 92
|b TXA
|
| 999 |
|
|
|a MARS
|
| 999 |
f |
f |
|s f745c138-a12e-3ae5-b81f-123b0b1e875b
|i 2aa10a32-06ee-37d5-a1d1-27d02b07aeb2
|t 0
|
| 952 |
f |
f |
|a Texas A&M University
|b College Station
|c Electronic Resources
|d Available Online
|t 0
|e P57.F5 R56 1987eb
|h Library of Congress classification
|
| 998 |
f |
f |
|a P57.F5 R56 1987eb
|t 0
|l Available Online
|